000 00714nam a2200253Ia 4500
003 OSt
005 20250812191244.0
008 210423s2011 xx 000 0 und d
020 _a8131602524
040 _cAL
041 _aEnglish
082 _a320.8
_bAROP
100 _aRamesh K Arora
_9120860
245 _aPanchayati raj participation and decentralization
260 _aJaipur
_bRawat Publications
_c2011
300 _axi,315
_bHB
365 _b795
_cINR
650 _aLocal Government
_9120861
650 _aPolitical Science
_9120862
700 _aHooja, Meenakshi
_9235253
700 _aHooja, Rakesh
_9235254
906 _adecentralization ; Panchayati ; participation ; raj
942 _2ddc
_cBK
999 _c176058
_d176058